00346nam a2200133Ia 450000500170000000800410001702000150005808200130007310000180008624500250010426000580012930000120018765000130019920250429041728.0240331s9999 xx 000 0 und d a019013602X bDHAa294 aDharmarajan,T 0aNaan poorva Bowuthan aMaduraibDr. Ambedlkar Cultural Academy ( DACA)c2003 a96 p ., aReligion